[Event "Augsburg Afro op"]
[Site "Augsburg"]
[Date "2003.08.07"]
[Round "1"]
[White "Karpatchev, Aleksandr"]
[Black "Wiendick, Lutz"]
[Result "1-0"]
[WhiteElo "2496"]
[BlackElo "1859"]
[PlyCount "41"]
[EventDate "2003.08.06"]
[EventType "swiss"]
[EventRounds "7"]
[EventCountry "GER"]
[SourceTitle "EXT 2006"]
[Source "ChessBase"]
[SourceDate "2005.11.24"]
[SourceVersion "1"]
[SourceVersionDate "2005.11.24"]
[SourceQuality "1"]

1. e4 e5 2. Nf3 Nc6 3. d4 exd4 4. Bc4 Bc5 5. c3 d6 6. cxd4 Bb6 7. Nc3 Nge7 8. Ng5 0-0 9. Qh5 h6 10. Nxf7 Rxf7 11. Bxf7+ Kf8 12. Bc4 d5 13. Nxd5 Nxd5 14. Bxd5 Qf6 15. e5 Bg4 16. Qxg4 Nxe5 17. dxe5 Qxf2+ 18. Kd1 Rd8 19. Qf4+ Qxf4 20. Bxf4 Rxd5+ 21. Ke2 1-0